| 000 | 00891nam a2200301Ia 4500 | ||
|---|---|---|---|
| 003 | OSt | ||
| 005 | 20221006144418.0 | ||
| 006 | a|||||r|||| 00| 0 | ||
| 007 | ta | ||
| 008 | 221006b |||||||| |||| 00| 0 eng d | ||
| 020 |
_a0712908773 _c294.50 |
||
| 020 | _a9780712908771 | ||
| 024 | _a11,639 | ||
| 037 | _cTextual | ||
| 040 |
_aEASL _cEASL _beng |
||
| 041 |
_2eng _aeng |
||
| 082 | _aV1:19(zP).N7, L8 | ||
| 100 |
_aSIMON Sheldon W. Ed. _917302 |
||
| 245 | 0 |
_aMilitary and security in the third world _b Domestic and international impacts |
|
| 260 |
_aBoulder _bWestview Press _c1978 |
||
| 300 |
_axviii,348p. _ccm. |
||
| 490 | _v Gen | ||
| 650 | _a Gen | ||
| 650 |
_a Military-Power-Equal _9651918 |
||
| 650 |
_aPolitical perspectives-Military-Power _9651919 |
||
| 942 |
_hV1:19(zP).N7, L8 _cTEXL _2CC |
||
| 999 |
_c1079725 _d1079725 |
||